Moisés

Saved in:
Bibliografiske detaljer
Hovedforfatter: Vicuña, Alejandro (Author)
Format: Bog
Sprog:spansk
Udgivet: Santiago Nascimento 1943
Fag:
Tags: Tilføj Tag
Ingen Tags, Vær først til at tagge denne postø!

MARC

LEADER 00000nam a2200000 a 4500
001 UCI4585
003 CL-VaPUC
008 080125e19430000CL |||||||||||||||||spa|d
082 0 4 |a 922  |b VIC  |2 21 
100 0 |a Vicuña, Alejandro  |e author  |9 509079 
245 1 0 |a Moisés 
300 |a 247 p 
942 |c BK 
945 |d 20080125 00:00:00  |a rbrito 
260 |a Santiago  |b Nascimento  |c 1943 
500 |a Donación Padres Capuchinos 
600 0 |a Moisés   |9 349294 
650 0 |a Biografías  |9 255210 
650 0 |a Historia antigua  |9 267521 
651 0 |a Egipto   |9 268199 
583 |a last modification  |c 20080125 00:00:00  |k Rodrigo Vera 
999 |c 328489  |d 328487 
952 |0 0  |1 0  |4 0  |6 922_000000000000000_VIC_1943  |7 0  |8 X  |9 412414  |a FDOBUD  |b FDOBUD  |d 2019-11-22  |i 4405021  |o 922 VIC 1943  |p 4405021  |r 2019-11-22  |w 2019-11-22  |y BK_X  |k BUD